Power, politics and the people: studies in British imperialism and Indian nation (Record no. 6222)

MARC details
000 -LEADER
fixed length control field 00466nam a2200157Ia 4500
020 ## - INTERNATIONAL STANDARD BOOK NUMBER
ISBN 9788178242330
082 ## - DEWEY DECIMAL CLASSIFICATION NUMBER
Classification number 320.954 GUP-P
100 ## - MAIN ENTRY--AUTHOR NAME
Personal name Gupta, Partha Sarathi
245 #0 - TITLE STATEMENT
Title Power, politics and the people: studies in British imperialism and Indian nation
260 ## - PUBLICATION, DISTRIBUTION, ETC. (IMPRINT)
Place of publication Ranikhet
Name of publisher Permanent Black
Year of publication 2008
300 ## - PHYSICAL DESCRIPTION
Number of Pages viii, 528
504 ## - BIBLIOGRAPHY, ETC. NOTE
Bibliography, etc includes index
650 ## - SUBJECT ADDED ENTRY--TOPICAL TERM
Topical Term Political culture
Form subdivision India
-- History
650 ## - SUBJECT ADDED ENTRY--TOPICAL TERM
Topical Term Nationalism
Form subdivision India
-- History
942 ## - ADDED ENTRY ELEMENTS (KOHA)
Koha item type Books
Holdings
Withdrawn status Lost status Damaged status Not for loan Home library Current library Date acquired Source of acquisition Bill Date Full call number Accession Number Price effective from Koha item type
        NASSDOC Library NASSDOC Library 24/10/2008 SAMS 2008-09-10 320.954 GUP-P 44701 18/04/2019 Books